[Event "Donau op 33rd"]
[Site "Aschach"]
[Date "2024.12.27"]
[Round "3"]
[White "Schneider Zinner, Harald"]
[Black "Flasik, Radoslav"]
[Result "1-0"]
[WhiteElo "2337"]
[BlackElo "2112"]
[PlyCount "81"]
[EventDate "2024.12.26"]
[EventType "swiss"]
[EventRounds "7"]
[EventCountry "AUT"]
[SourceTitle "CB04_2025"]
[SourceDate "2025.01.22"]
[SourceVersion "1"]
[SourceVersionDate "2025.01.22"]
[SourceQuality "1"]

1. d4 d5 2. c4 e6 3. Nf3 Nf6 4. Nc3 c6 5. e3 Nbd7 6. Bd3 Be7 7. 0-0 0-0 8. b3 b6 9. Bb2 Bb7 10. Qe2 Re8 11. Rfd1 Rc8 12. Rac1 Rc7 13. Ne5 Nxe5 14. dxe5 Nd7 15. f4 Qb8 16. cxd5 cxd5 17. Nb5 Rxc1 18. Rxc1 Nc5 19. Bb1 Rc8 20. b4 Na4 21. Rxc8+ Qxc8 22. Nxa7 Qc4 23. Bd3 Qxb4 24. Bd4 Bc5 25. Nb5 Ba6 26. Nd6 Bxd4 27. Bxa6 Qb1+ 28. Kf2 Nc3 29. Bd3 Nxe2 30. Bxb1 Nc3 31. Bxh7+ Kxh7 32. exd4 Nxa2 33. Nxf7 Kg6 34. Nd6 Nc3 35. g4 b5 36. f5+ exf5 37. gxf5+ Kg5 38. h4+ Kf4 39. f6 gxf6 40. exf6 Ne4+ 41. Nxe4 1-0

[Event "Olomouc IM-A 25th"]
[Site "Olomouc"]
[Date "2024.08.16"]
[Round "8"]
[White "Fizer, Marek"]
[Black "Flasik, Radoslav"]
[Result "1-0"]
[WhiteElo "2262"]
[BlackElo "2093"]
[PlyCount "85"]
[EventDate "2024.08.10"]
[EventType "tourn"]
[EventRounds "9"]
[EventCountry "CZE"]
[SourceTitle "CBM 221 Extra"]
[Source "ChessBase"]
[SourceDate "2024.09.30"]
[SourceVersion "1"]
[SourceVersionDate "2024.09.30"]
[SourceQuality "1"]

1. e4 c5 2. Nf3 d6 3. d4 cxd4 4. Nxd4 Nf6 5. Nc3 Nc6 6. Bg5 e6 7. Qd2 a6 8. 0-0-0 Bd7 9. f3 Be7 10. Be3 h5 11. h4 Nxd4 12. Bxd4 b5 13. e5 dxe5 14. Bxe5 Bc6 15. Qg5 Qb6 16. Bd4 Qc7 17. Bd3 0-0-0 18. Be5 Qa7 19. Qf4 Bc5 20. Rhe1 Nd5 21. Nxd5 Bxd5 22. Bxg7 Rhg8 23. Bf6 Rd7 24. Re2 Rxg2 25. Kb1 Rxe2 26. Bxe2 Bd6 27. Qd2 Qc7 28. Qg5 Bf4 29. Qxh5 Qa5 30. b3 Qa3 31. Qh8+ Kb7 32. Be5 Rd8 33. Qf6 Bxb3 34. axb3 Rxd1+ 35. Bxd1 Qc1+ 36. Ka2 Bxe5 37. Qxe5 Qxd1 38. Qe4+ Kc7 39. Qf4+ Kc6 40. Kb2 f5 41. h5 Qh1 42. Qg5 Qxf3 43. h6 1-0

[Event "Olomouc IM-A 25th"]
[Site "Olomouc"]
[Date "2024.08.14"]
[Round "6"]
[White "Bokhnak, Timofey"]
[Black "Flasik, Radoslav"]
[Result "1-0"]
[WhiteElo "2273"]
[BlackElo "2093"]
[PlyCount "97"]
[EventDate "2024.08.10"]
[EventType "tourn"]
[EventRounds "9"]
[EventCountry "CZE"]
[SourceTitle "CBM 221 Extra"]
[Source "ChessBase"]
[SourceDate "2024.09.30"]
[SourceVersion "1"]
[SourceVersionDate "2024.09.30"]
[SourceQuality "1"]

1. e4 c5 2. Nf3 d6 3. Bb5+ Nd7 4. 0-0 a6 5. Bd3 Ngf6 6. Re1 e5 7. c3 Be7 8. Bc2 0-0 9. d3 b5 10. Nbd2 Bb7 11. Nf1 Re8 12. Ng3 Bf8 13. a4 Qc7 14. Bd2 g6 15. Qc1 Bg7 16. Bh6 Bh8 17. h3 Rad8 18. Bg5 Rc8 19. Qd2 Nf8 20. Rac1 Ne6 21. Be3 d5 22. Bh6 Rcd8 23. Qe2 c4 24. dxc4 Nf4 25. Qf1 dxe4 26. Nxe4 Nxe4 27. Bxe4 Bxe4 28. Rxe4 Nd3 29. cxb5 f5 30. Rb4 axb5 31. Rxb5 e4 32. Nd2 Nxc1 33. Qxc1 Bf6 34. Nf1 Rd7 35. Ne3 Bg7 36. Nd5 Qc6 37. c4 Re5 38. Be3 Kf7 39. b3 Rb7 40. Bd4 Re8 41. Bxg7 Kxg7 42. Qc3+ Kh6 43. Qe3+ Kg7 44. Qd4+ Kh6 45. Rxb7 Qxb7 46. b4 f4 47. Qf6 f3 48. Ne3 Qd7 49. g4 1-0

[Event "Olomouc IM-A 25th"]
[Site "Olomouc"]
[Date "2024.08.12"]
[Round "4"]
[White "Flasik, Radoslav"]
[Black "Priehoda, Vitezslav"]
[Result "1-0"]
[WhiteElo "2093"]
[BlackElo "2262"]
[PlyCount "77"]
[EventDate "2024.08.10"]
[EventType "tourn"]
[EventRounds "9"]
[EventCountry "CZE"]
[SourceTitle "CBM 221 Extra"]
[Source "ChessBase"]
[SourceDate "2024.09.30"]
[SourceVersion "1"]
[SourceVersionDate "2024.09.30"]
[SourceQuality "1"]

1. d4 Nf6 2. c4 e6 3. Nf3 d5 4. g3 Bb4+ 5. Bd2 Be7 6. Bg2 0-0 7. 0-0 c6 8. Qc2 Ne4 9. Bf4 Nd7 10. Nc3 f5 11. Rfd1 a5 12. h4 h6 13. Ne5 Nxe5 14. Bxe5 Bd7 15. e3 Nd6 16. Bxd6 Bxd6 17. Qb3 Rf7 18. Ne2 g5 19. h5 b5 20. cxb5 cxb5 21. Rac1 b4 22. Qd3 Qe8 23. Rc2 Ba4 24. b3 Bb5 25. Qd2 Rc8 26. Rdc1 Rfc7 27. Rxc7 Rxc7 28. Rxc7 Bxc7 29. g4 fxg4 30. e4 dxe4 31. Bxe4 Qxh5 32. Qc2 Qh2+ 33. Kf1 g3 34. Bg2 gxf2 35. Qg6+ Kh8 36. Qf6+ Kg8 37. Qxe6+ Kh8 38. Qf6+ Kg8 39. Bd5+ 1-0

[Event "Brno IM 12th"]
[Site "Brno"]
[Date "2023.11.15"]
[Round "6"]
[White "Flasik, Radoslav"]
[Black "Bures, Jaroslav"]
[Result "0-1"]
[WhiteElo "2032"]
[BlackElo "2421"]
[PlyCount "51"]
[EventDate "2023.11.11"]
[EventType "tourn"]
[EventRounds "9"]
[EventCountry "CZE"]
[SourceTitle "CBM 217 Extra"]
[Source "ChessBase"]
[SourceDate "2024.01.31"]
[SourceVersion "1"]
[SourceVersionDate "2024.01.31"]
[SourceQuality "1"]

1. d4 Nf6 2. c4 e5 3. dxe5 Ng4 4. e4 Nxe5 5. f4 Ng6 6. Nc3 Bb4 7. Nf3 Bxc3+ 8. bxc3 d6 9. c5 Qe7 10. cxd6 Qxe4+ 11. Kf2 0-0 12. dxc7 Nc6 13. Bd3 Qe7 14. Re1 Qxc7 15. g3 Bg4 16. Be3 Rfd8 17. Qc2 Bxf3 18. Bxg6 hxg6 19. Kxf3 Nb4 20. Qe4 Nd3 21. Red1 Qxc3 22. Kg2 b6 23. Rab1 Qc2+ 24. Kg1 Qxa2 25. Bd4 Nc5 26. f5 0-1

[Event "Brno IM 12th"]
[Site "Brno"]
[Date "2023.11.13"]
[Round "3"]
[White "Flasik, Radoslav"]
[Black "Del Rey, Diego"]
[Result "1-0"]
[WhiteElo "2032"]
[BlackElo "2316"]
[PlyCount "48"]
[EventDate "2023.11.11"]
[EventType "tourn"]
[EventRounds "9"]
[EventCountry "CZE"]
[SourceTitle "CBM 217 Extra"]
[Source "ChessBase"]
[SourceDate "2024.01.31"]
[SourceVersion "1"]
[SourceVersionDate "2024.01.31"]
[SourceQuality "1"]

1. d4 d5 2. c4 c6 3. Nc3 Nf6 4. e3 a6 5. cxd5 cxd5 6. Bd3 Nc6 7. Nf3 Bg4 8. h3 Bxf3 9. Qxf3 e5 10. dxe5 Nxe5 11. Qe2 Bc5 12. 0-0 0-0 13. Rd1 Qe7 14. b3 Rfe8 15. Bb2 Rad8 16. Rac1 Bd6 17. Bb1 Bb8 18. e4 d4 19. Nd5 Nxd5 20. exd5 Qd6 21. g3 Qxd5 22. Be4 Qe6 23. Qh5 g6 24. Qh4 Qb6 1-0

[Event "Budapest One Week IM"]
[Site "Budapest"]
[Date "2023.08.23"]
[Round "3"]
[White "Vincenti, Leonardo"]
[Black "Flasik, Radoslav"]
[Result "1/2-1/2"]
[WhiteElo "2140"]
[BlackElo "2089"]
[PlyCount "187"]
[EventDate "2023.08.21"]
[EventType "tourn"]
[EventRounds "9"]
[EventCountry "HUN"]
[SourceTitle "CBM 215 Extra"]
[Source "ChessBase"]
[SourceDate "2023.09.30"]
[SourceVersion "1"]
[SourceVersionDate "2023.09.30"]
[SourceQuality "1"]

1. e4 c5 2. Nf3 d6 3. Bb5+ Nd7 4. a4 a6 5. Be2 Ngf6 6. Nc3 g6 7. d4 cxd4 8. Nxd4 Bg7 9. Be3 0-0 10. 0-0 Nc5 11. f3 e5 12. Nb3 Nxb3 13. cxb3 Be6 14. Bc4 Rc8 15. Qd3 Qc7 16. Nd5 Bxd5 17. Bxd5 Nxd5 18. Qxd5 Qc6 19. Rad1 Rfd8 20. Rf2 Qxd5 21. Rxd5 Bf8 22. Rfd2 Be7 23. Bb6 Rc1+ 24. Rd1 Rdc8 25. Ba5 Rxd1+ 26. Rxd1 Rc2 27. Bc3 f5 28. Kf1 Kf7 29. b4 Ke6 30. b5 axb5 31. axb5 Bg5 32. Rd3 h5 33. b3 Be7 34. h3 Bh4 35. Bb4 Be7 36. Bc3 Rc1+ 37. Ke2 Rg1 38. Kf2 Rb1 39. Bb4 Rb2+ 40. Kf1 Rb1+ 41. Ke2 Rb2+ 42. Kf1 h4 43. Ba5 Rc2 44. Bc3 Ra2 45. Bb4 Ra8 46. Rc3 Kd7 47. f4 fxe4 48. fxe5 d5 49. Bxe7 Kxe7 50. Rc7+ Ke6 51. Rxb7 Kxe5 52. b6 Kf4 53. Ke2 Ra2+ 54. Kd1 Rb2 55. Rg7 Rxb3 56. Rxg6 d4 57. Kc2 Rb5 58. Kd2 Rb2+ 59. Kc1 Rb4 60. Kd2 Kf5 61. Rh6 d3 62. Rh5+ Kg6 63. Re5 Kf6 64. Rd5 Rxb6 65. Ke3 Ke6 66. Rd4 Rd6 67. Rxe4+ Kf5 68. Rf4+ Kg5 69. Rg4+ Kf5 70. Kd2 Rh6 71. Kxd3 Rh8 72. Ke3 Re8+ 73. Kf3 Rh8 74. Ra4 Kg5 75. Ra5+ Kh6 76. Ra4 Kg5 77. Rg4+ Kf5 78. Rg7 Rh6 79. Rc7 Ra6 80. Rc5+ Kg6 81. Rc4 Ra3+ 82. Kf2 Kg5 83. Rg4+ Kh5 84. Ke2 Rb3 85. Kd2 Ra3 86. Rg8 Rb3 87. Rh8+ Kg5 88. Rg8+ Kh5 89. Ke2 Ra3 90. Re8 Kg5 91. Re3 Ra2+ 92. Kf3 Ra5 93. Rd3 Rf5+ 94. Ke4 1/2-1/2

[Event "Paleochora op 15th"]
[Site "Paleochora"]
[Date "2022.07.18"]
[Round "2"]
[White "Vlachos, Anatole"]
[Black "Flasik, Radoslav"]
[Result "1-0"]
[WhiteElo "2433"]
[BlackElo "2121"]
[PlyCount "63"]
[EventDate "2022.07.17"]
[EventType "swiss"]
[EventRounds "9"]
[EventCountry "GRE"]
[SourceTitle "CBM 209 Extra"]
[Source "ChessBase"]
[SourceDate "2022.09.30"]
[SourceVersion "1"]
[SourceVersionDate "2022.09.30"]
[SourceQuality "1"]

1. e4 c5 2. Nf3 Nc6 3. Bb5 g6 4. Bxc6 dxc6 5. d3 Bg7 6. h3 e5 7. Be3 Qe7 8. 0-0 f6 9. Qd2 b6 10. a3 Bb7 11. b4 cxb4 12. axb4 Qc7 13. Nh2 Ne7 14. f4 0-0 15. fxe5 Qxe5 16. Nc3 f5 17. d4 Qe6 18. Bh6 Rfd8 19. Bxg7 Kxg7 20. Rae1 Qd6 21. Nf3 Rd7 22. exf5 Nxf5 23. Ne4 Qd5 24. c3 Re8 25. Nf6 Rxe1 26. Nxd5 Rxf1+ 27. Kxf1 Ba6+ 28. Kg1 cxd5 29. Ne5 Rc7 30. g4 Nd6 31. Qg5 Ne8 32. Qd8 1-0

[Event "Prague Golden op"]
[Site "Prague"]
[Date "2021.07.12"]
[Round "3"]
[White "Haase, Pavel"]
[Black "Flasik, Radoslav"]
[Result "1/2-1/2"]
[WhiteElo "2118"]
[BlackElo "2161"]
[PlyCount "55"]
[EventDate "2021.07.10"]
[EventType "swiss"]
[EventRounds "9"]
[EventCountry "CZE"]
[SourceTitle "CBM 203 Extra"]
[Source "ChessBase"]
[SourceDate "2021.09.30"]
[SourceVersion "1"]
[SourceVersionDate "2021.09.30"]
[SourceQuality "1"]

1. c4 b6 2. Nc3 Bb7 3. e4 c5 4. f4 Nc6 5. Nf3 g6 6. d3 Bg7 7. g4 h5 8. g5 e6 9. Bh3 Nge7 10. 0-0 Nd4 11. Be3 d5 12. cxd5 exd5 13. Bxd4 cxd4 14. Nxd5 Nxd5 15. Qa4+ Kf8 16. exd5 Qxd5 17. Rae1 Bc6 18. Qc2 Kg8 19. Bg2 Qd6 20. Ne5 Bxg2 21. Qxg2 Rc8 22. Nc4 Qd7 23. Re4 Kh7 24. Ne5 Qd5 25. Re2 Qxg2+ 26. Kxg2 Rhe8 27. Rff2 Re7 28. Re4 1/2-1/2

[Event "Innsbruck op 4th"]
[Site "Innsbruck"]
[Date "2020.08.25"]
[Round "5"]
[White "Flasik, Radoslav"]
[Black "Richter, Nils"]
[Result "1/2-1/2"]
[WhiteElo "2182"]
[BlackElo "2307"]
[PlyCount "54"]
[EventDate "2020.08.22"]
[EventType "swiss"]
[EventRounds "9"]
[EventCountry "AUT"]
[SourceTitle "CBM 198 Extra"]
[Source "ChessBase"]
[SourceDate "2020.11.30"]
[SourceVersion "1"]
[SourceVersionDate "2020.11.30"]
[SourceQuality "1"]

1. f4 d5 2. Nf3 c5 3. e3 g6 4. c3 Bg7 5. d4 Nh6 6. Nbd2 b6 7. Bd3 0-0 8. 0-0 Ba6 9. Bxa6 Nxa6 10. Qe2 Nc7 11. Rd1 cxd4 12. cxd4 Qd7 13. b3 Qb5 14. Qxb5 Nxb5 15. Bb2 Rfc8 16. Rac1 Ng4 17. Nf1 h5 18. h3 Nh6 19. a4 Nd6 20. N1d2 Kf8 21. Ba3 Rxc1 22. Rxc1 Rc8 23. Rxc8+ Nxc8 24. Kf2 Ke8 25. g3 Kd7 26. Ne5+ Bxe5 27. dxe5 a6 1/2-1/2

[Event "SVK-chT1W 0203"]
[Site "Slovakia"]
[Date "2002.11.10"]
[Round "4.1"]
[White "Meszaros, Michal"]
[Black "Flasik, Radoslav"]
[Result "1-0"]
[WhiteElo "2327"]
[BlackElo "2254"]
[PlyCount "141"]
[EventDate "2002.10.12"]
[EventType "tourn"]
[EventRounds "11"]
[EventCountry "SVK"]
[SourceTitle "EXT 2005"]
[Source "ChessBase"]
[SourceDate "2004.11.15"]
[SourceVersion "1"]
[SourceVersionDate "2004.11.15"]
[SourceQuality "1"]
[WhiteTeam "Osuske"]
[BlackTeam "Bratislava Slovan"]
[WhiteTeamCountry "SVK"]
[BlackTeamCountry "SVK"]

1. e4 c5 2. Nf3 Nc6 3. d4 cxd4 4. Nxd4 e5 5. Nb5 d6 6. c4 Be6 7. N1c3 a6 8. Na3 Be7 9. Be3 Bg5 10. Nc2 Rc8 11. Be2 Bxe3 12. Nxe3 Nf6 13. 0-0 0-0 14. Qd2 Qa5 15. Rfd1 Nd4 16. Bf1 Kh8 17. f3 Qc5 18. Rac1 Qa7 19. Kh1 h6 20. Ne2 Nxe2 21. Bxe2 Rfd8 22. g4 b5 23. b3 Qb7 24. Kg2 bxc4 25. bxc4 Rb8 26. c5 d5 27. c6 Qc7 28. exd5 Nxd5 29. Nxd5 Rxd5 30. Qxd5 Bxd5 31. Rxd5 Rb2 32. Rd7 Qc8 33. Kf1 Kh7 34. c7 Qxd7 35. c8Q Qxc8 36. Rxc8 Rxa2 37. Ra8 a5 38. h4 a4 39. h5 g6 40. Ra7 Kg7 41. Bc4 Ra1+ 42. Kg2 gxh5 43. gxh5 Kf6 44. Rxf7+ Kg5 45. Be6 Rc1 46. Kg3 Kxh5 47. Rf5+ Kg6 48. Rxe5 Rc6 49. Bf5+ Kf6 50. Ra5 a3 51. Kf4 Rc3 52. Ra6+ Kg7 53. Rg6+ Kf7 54. Rxh6 Rc4+ 55. Kg5 Ra4 56. Rh7+ Kg8 57. Rh2 Kg7 58. Be6 Ra5+ 59. Kg4 Kf6 60. Ba2 Ra7 61. Rh6+ Kg7 62. Re6 Ra5 63. f4 Ra4 64. Kg5 Ra5+ 65. Re5 Ra6 66. f5 Rb6 67. Re7+ Kf8 68. Ra7 Rb2 69. Rxa3 Rb6 70. Ra7 Rd6 71. Be6 1-0

[Event "SVK-chT2W 0102"]
[Site "Slovakia"]
[Date "2001.11.17"]
[Round "3.1"]
[White "Flasik, Radoslav"]
[Black "Petrik, Tomas"]
[Result "0-1"]
[WhiteElo "2239"]
[BlackElo "2345"]
[PlyCount "80"]
[EventDate "2001.10.??"]
[EventType "team-tourn"]
[EventRounds "11"]
[EventCountry "SVK"]
[SourceTitle "EXT 2006"]
[Source "ChessBase"]
[SourceDate "2005.11.24"]
[SourceVersion "1"]
[SourceVersionDate "2005.11.24"]
[SourceQuality "1"]

1. e4 c5 2. c3 Nf6 3. e5 Nd5 4. d4 e6 5. Nf3 Nc6 6. c4 Ndb4 7. d5 exd5 8. cxd5 Nd4 9. Na3 Qa5 10. Bd2 Qxa3 11. bxa3 Nbc2+ 12. Qxc2 Nxc2+ 13. Kd1 Nxa1 14. d6 g6 15. Bc4 Bg7 16. Bc3 0-0 17. Ng5 b6 18. Bd5 Rb8 19. f4 Bb7 20. Bxb7 Rxb7 21. Ne4 Rc8 22. Bxa1 b5 23. Nc3 Kf8 24. Nd5 Rc6 25. Kc2 b4 26. axb4 cxb4+ 27. Kb3 a5 28. Ne7 Rc5 29. Rd1 Rb8 30. Bd4 Rcb5 31. Rc1 a4+ 32. Kb2 b3 33. a3 g5 34. g3 gxf4 35. gxf4 f6 36. exf6 Bh6 37. Be5 Rxe5 38. fxe5 Bxc1+ 39. Kxc1 Kf7 40. Nf5 Ke6 0-1

[Event "SVK-chT2W 0102"]
[Site "Slovakia"]
[Date "2001.10.21"]
[Round "2.1"]
[White "Flasik, Radoslav"]
[Black "Bisco, Igor"]
[Result "1-0"]
[WhiteElo "2239"]
[BlackElo "2130"]
[PlyCount "59"]
[EventDate "2001.10.??"]
[EventType "team-tourn"]
[EventRounds "11"]
[EventCountry "SVK"]
[SourceTitle "EXT 2006"]
[Source "ChessBase"]
[SourceDate "2005.11.24"]
[SourceVersion "1"]
[SourceVersionDate "2005.11.24"]
[SourceQuality "1"]

1. e4 d6 2. g3 Nf6 3. Bg2 e5 4. Ne2 Nbd7 5. 0-0 Be7 6. d3 c6 7. c4 0-0 8. Nbc3 Re8 9. h3 a6 10. a4 a5 11. Be3 Bf8 12. f4 Nc5 13. g4 Ra6 14. Ng3 Rb6 15. Rb1 Rb4 16. f5 Nfd7 17. g5 g6 18. h4 Nb6 19. b3 Nbd7 20. Na2 Rb6 21. h5 Nb8 22. Rb2 Nba6 23. Nc1 Bg7 24. Rff2 Nb4 25. Bh3 Nba6 26. fxg6 fxg6 27. Bxc8 Qxc8 28. h6 Qh3 29. Qf3 Rf8 30. Qxf8+ 1-0

[Event "SVK-ch U20"]
[Site "Bratislava"]
[Date "2001.??.??"]
[Round "7.2"]
[White "Flasik, Radoslav"]
[Black "Pinter, Erik"]
[Result "0-1"]
[WhiteElo "2227"]
[BlackElo "2242"]
[PlyCount "70"]
[EventDate "2001.06.??"]
[EventType "tourn"]
[EventRounds "7"]
[EventCountry "SVK"]
[EventCategory "1"]
[SourceTitle "CBM 082 Extra"]
[Source "ChessBase"]
[SourceDate "2001.07.03"]
[SourceVersion "1"]
[SourceVersionDate "2001.07.03"]
[SourceQuality "1"]

1. e4 c5 2. c3 Nf6 3. e5 Nd5 4. d4 cxd4 5. Qxd4 e6 6. Nf3 Nc6 7. Qe4 d6 8. Bd3 dxe5 9. Nxe5 Nxc3 10. Nxc3 Nxe5 11. Bb5+ Nd7 12. Bf4 Be7 13. Rd1 a6 14. Bxd7+ Bxd7 15. Qxb7 Rc8 16. Qxa6 Rc6 17. Qd3 e5 18. Be3 Rd6 19. Qe2 Rxd1+ 20. Qxd1 Qa5 21. 0-0 Be6 22. Bd2 0-0 23. b3 Qa6 24. Qc2 f5 25. Rd1 Rc8 26. Qb2 Bf6 27. Na4 Qd3 28. Qb1 Qe2 29. Nc3 Qg4 30. Be1 e4 31. Nd5 Bg5 32. Ne3 Bxe3 33. fxe3 Qe2 34. Bd2 Rd8 35. Qc1 f4 0-1